| 000 | 01234pam a2200313 a 4500 | ||
|---|---|---|---|
| 001 | 2086921 | ||
| 003 | NUST-PNEC | ||
| 005 | 20170116180734.0 | ||
| 008 | 950328s1995 nyua 001 0 eng | ||
| 010 | _a 95014629 | ||
| 020 | _a0471049883 | ||
| 040 | _cPNEC | ||
| 050 | 0 | 0 |
_aQA76.76.O63 _bA753 1995 |
| 082 | 0 | 0 |
_a005.43 ARI _220 |
| 100 | 1 | _aArick, Martin. | |
| 245 | 1 | 0 |
_aUNIX for DOS users / _cMartin R. Arick. |
| 260 |
_aNew York : _bWiley, _cc1995. |
||
| 300 |
_axv, 230 p. : _bill. ; _c24 cm. |
||
| 500 | _aIncludes index. | ||
| 630 | 0 | 0 | _aUNIX (Computer file) |
| 650 | 0 | _aOperating systems (Computers) | |
| 654 | _xMIS | ||
| 856 | 4 |
_3Table of Contents _uhttp://www.amazon.com/UNIX-DOS-Users-Martin-Arick/dp/0471049883/ref=sr_1_1?s=books&ie=UTF8&qid=1416478251&sr=1-1&keywords=0471049883 |
|
| 856 | 4 | 2 |
_3Contributor biographical information _uhttp://www.loc.gov/catdir/enhancements/fy0706/95014629-b.html |
| 856 | 4 | 2 |
_3Publisher description _uhttp://www.loc.gov/catdir/enhancements/fy0706/95014629-d.html |
| 906 |
_a7 _bcbc _corignew _d1 _eocip _f19 _gy-gencatlg |
||
| 942 |
_2ddc _cBK |
||
| 999 |
_c61898 _d61898 |
||